Giáo trình phương pháp dạy học đại cương môn tin học
Shranjeno v:
| Glavni avtor: | |
|---|---|
| Drugi avtorji: | |
| Format: | Knjiga |
| Jezik: | Undetermined |
| Izdano: |
H.
ĐHSP
2007
|
| Teme: | |
| Online dostop: | http://lrc.tdmu.edu.vn/opac/search/detail.asp?aID=2&ID=5458 |
| Oznake: |
Označite
Brez oznak, prvi označite!
|
| Thư viện lưu trữ: | Trung tâm Học liệu Trường Đại học Thủ Dầu Một |
|---|
| LEADER | 00728nam a2200205Ia 4500 | ||
|---|---|---|---|
| 001 | TDMU_5458 | ||
| 008 | 210410s9999 xx 000 0 und d | ||
| 082 | |a 004.071 | ||
| 090 | |b NG525 | ||
| 100 | |a Nguyễn, Bá Kim | ||
| 245 | 0 | |a Giáo trình phương pháp dạy học đại cương môn tin học | |
| 245 | 0 | |c Nguyễn Bá Kim | |
| 260 | |a H. | ||
| 260 | |b ĐHSP | ||
| 260 | |c 2007 | ||
| 300 | |a 215tr. | ||
| 650 | |a Tin học đại cương |x Dạy và học; Phương pháp giảng dạy |v Công nghệ thông tin | ||
| 700 | |a Lê, Khắc Thành | ||
| 856 | |u http://lrc.tdmu.edu.vn/opac/search/detail.asp?aID=2&ID=5458 | ||
| 980 | |a Trung tâm Học liệu Trường Đại học Thủ Dầu Một | ||